| 000 | 00357nam a2200133Ia 4500 | ||
|---|---|---|---|
| 008 | 210312s9999||||xx |||||||||||||| ||und|| | ||
| 041 | _aosm | ||
| 050 | _aCT1905 | ||
| 050 | _bA38 | ||
| 100 | _aAltınay, Ahmed Refik | ||
| 245 | 0 | _aAlimler ve sanatkarlar | |
| 260 | _c1924 | ||
| 650 | _aTürkiye--Bilim insanları--Biyografi Türkiye--Sanatçılar--Biyografi | ||
| 999 |
_c22250 _d22250 |
||